Southville International School and Colleges
Your cart is empty.
  • Cart
  • Lists
    Public lists Eva Luna New books Lux_list list_1
    Your lists Log in to create your own lists
  • Log in to your account
  • Your cookies
  • Search history
Southville International School and Colleges
  • Advanced search
  • Recent comments
  • Most popular
  • Libraries

Log in to your account

Log in with GOOGLE


If you do not have an external account, but do have a local account, you can still log in:

  1. Home
  2. MARC view: The clinical assessment of children and adolescents :
Normal view MARC view ISBD view

The clinical assessment of children and adolescents : (Record no. 305278)

[ view plain ]
MARC details
000 -LEADER
fixed length control field 02252cam a22005294a 4500
001 - CONTROL NUMBER
control field 14471157
003 - CONTROL NUMBER IDENTIFIER
control field SISC
005 - DATE AND TIME OF LATEST TRANSACTION
control field 20161116162059.0
008 - FIXED-LENGTH DATA ELEMENTS--GENERAL INFORMATION
fixed length control field 060724s2007 njua bf 001 0 eng
010 ## - LIBRARY OF CONGRESS CONTROL NUMBER
LC control number 2006023171
016 7# - NATIONAL BIBLIOGRAPHIC AGENCY CONTROL NUMBER
Record control number 101283124
Source DNLM
020 ## - INTERNATIONAL STANDARD BOOK NUMBER
International Standard Book Number 0805857915 (case : alk. paper)
020 ## - INTERNATIONAL STANDARD BOOK NUMBER
International Standard Book Number 0805860754 (pbk. : alk. paper)
020 ## - INTERNATIONAL STANDARD BOOK NUMBER
International Standard Book Number 9780805857917
020 ## - INTERNATIONAL STANDARD BOOK NUMBER
International Standard Book Number 9781138146792
035 ## - SYSTEM CONTROL NUMBER
System control number (OCoLC)ocm70829691
035 ## - SYSTEM CONTROL NUMBER
System control number (OCoLC)70829691
040 ## - CATALOGING SOURCE
Original cataloging agency DNLM/DLC
Transcribing agency DLC
Modifying agency NLM
-- BAKER
-- C#P
-- YDXCP
-- OCLCQ
-- DLC
042 ## - AUTHENTICATION CODE
Authentication code pcc
050 00 - LIBRARY OF CONGRESS CALL NUMBER
Classification number RJ 503.5
Item number .C55 2007
060 00 - NATIONAL LIBRARY OF MEDICINE CALL NUMBER
Classification number 2006 K-919
060 10 - NATIONAL LIBRARY OF MEDICINE CALL NUMBER
Classification number WM 145
Item number C641 2007
082 00 - DEWEY DECIMAL CLASSIFICATION NUMBER
Classification number 155.4028/7
245 04 - TITLE STATEMENT
Title The clinical assessment of children and adolescents :
Remainder of title a practitioner's handbook /
Statement of responsibility, etc [edited by] Steven R. Smith, Leonard Handler.
260 ## - PUBLICATION, DISTRIBUTION, ETC. (IMPRINT)
Place of publication, distribution, etc Mahwah, N.J. :
Name of publisher, distributor, etc Lawrence Erlbaum Associates,
Date of publication, distribution, etc 2007.
300 ## - PHYSICAL DESCRIPTION
Extent xv, 628 pages :
Other physical details illustrations ;
Dimensions 26 cm.
500 ## - GENERAL NOTE
General note Includes bibliographical references and indexes.
650 #0 - SUBJECT ADDED ENTRY--TOPICAL TERM
Topical term or geographic name as entry element Psychological tests for children
Form subdivision Handbooks, manuals, etc.
650 #0 - SUBJECT ADDED ENTRY--TOPICAL TERM
Topical term or geographic name as entry element Personality assessment of children
Form subdivision Handbooks, manuals, etc.
650 #0 - SUBJECT ADDED ENTRY--TOPICAL TERM
Topical term or geographic name as entry element Personality assessment of teenagers
Form subdivision Handbooks, manuals, etc.
650 #0 - SUBJECT ADDED ENTRY--TOPICAL TERM
Topical term or geographic name as entry element Adolescent psychiatry
Form subdivision Handbooks, manuals, etc.
650 12 - SUBJECT ADDED ENTRY--TOPICAL TERM
Topical term or geographic name as entry element Personality Assessment.
650 22 - SUBJECT ADDED ENTRY--TOPICAL TERM
Topical term or geographic name as entry element Adolescent Behavior
General subdivision psychology.
650 22 - SUBJECT ADDED ENTRY--TOPICAL TERM
Topical term or geographic name as entry element Adolescent.
650 22 - SUBJECT ADDED ENTRY--TOPICAL TERM
Topical term or geographic name as entry element Child Behavior
General subdivision psychology.
650 22 - SUBJECT ADDED ENTRY--TOPICAL TERM
Topical term or geographic name as entry element Child Behavior Disorders
General subdivision psychology.
650 22 - SUBJECT ADDED ENTRY--TOPICAL TERM
Topical term or geographic name as entry element Child Development.
650 22 - SUBJECT ADDED ENTRY--TOPICAL TERM
Topical term or geographic name as entry element Child.
700 1# - ADDED ENTRY--PERSONAL NAME
Personal name Smith, Steven R.,
Titles and other words associated with a name Ph.D.
700 1# - ADDED ENTRY--PERSONAL NAME
Personal name Handler, Leonard,
Dates associated with a name 1936-
856 42 - ELECTRONIC LOCATION AND ACCESS
Materials specified Contributor biographical information
Uniform Resource Identifier <a href="http://www.loc.gov/catdir/enhancements/fy0664/2006023171-b.html">http://www.loc.gov/catdir/enhancements/fy0664/2006023171-b.html</a>
856 41 - ELECTRONIC LOCATION AND ACCESS
Materials specified Table of contents only
Uniform Resource Identifier <a href="http://www.loc.gov/catdir/enhancements/fy0664/2006023171-t.html">http://www.loc.gov/catdir/enhancements/fy0664/2006023171-t.html</a>
856 42 - ELECTRONIC LOCATION AND ACCESS
Materials specified Publisher description
Uniform Resource Identifier <a href="http://www.loc.gov/catdir/enhancements/fy0704/2006023171-d.html">http://www.loc.gov/catdir/enhancements/fy0704/2006023171-d.html</a>
906 ## - LOCAL DATA ELEMENT F, LDF (RLIN)
a 7
b cbc
c orignew
d 1
e ecip
f 20
g y-gencatlg
942 ## - ADDED ENTRY ELEMENTS (KOHA)
Source of classification or shelving scheme Library of Congress Classification
Koha item type Books
Holdings
Withdrawn status Lost status Source of classification or shelving scheme Damaged status Home library Current library Shelving location Date acquired Source of acquisition Sub Shelving location Total Checkouts Full call number Barcode Date last seen Price effective from Koha item type
    Library of Congress Classification   College Library College Library Graduate Section 11/16/2016 Library Fund     RJ 503.5 .C55 2007 C20778 05/15/2018 11/16/2016 Books

The clinical assessment of children and adolescents :

APA

Smith S. R., Handler L., . (2007). The clinical assessment of children and adolescents. Mahwah, N.J: Lawrence Erlbaum Associates.

Chicago

Smith Steven R, Handler Leonard, . 2007. The clinical assessment of children and adolescents. Mahwah, N.J: Lawrence Erlbaum Associates.

Harvard

Smith S. R., Handler L., . (2007). The clinical assessment of children and adolescents. Mahwah, N.J: Lawrence Erlbaum Associates.

MLA

Smith Steven R, Handler Leonard, . The clinical assessment of children and adolescents. Mahwah, N.J: Lawrence Erlbaum Associates. 2007.

  • Place hold
  • Print
  • Cite
  • Add to your cart (remove)
  • Save record
    BIBTEX Dublin Core MARCXML MARC (non-Unicode/MARC-8) MARC (Unicode/UTF-8) MARC (Unicode/UTF-8, Standard) MODS (XML) RIS
  • More searches
    Search for this title in:
    Other Libraries (WorldCat) Other Databases (Google Scholar) Online Stores (Bookfinder.com) Open Library (openlibrary.org)

Exporting to Dublin Core...

SOUTHVILLE LIBRARY

Southville International School and Colleges Library

1281 Tropical Ave. Cor. Luxembourg St., BF Homes International, Las Pinas City

Tel. No. 8256374 / 252358 Loc. 117/146

Powered by Koha